| 000 | 01161nam a22002777a 4500 | ||
|---|---|---|---|
| 001 | 8419 | ||
| 003 | FISKH | ||
| 005 | 20250910162841.0 | ||
| 008 | 250910b cb ||||| |||| 00| 0 eng d | ||
| 020 | _a9781410911605 | ||
| 040 |
_aFISKH _beng _cFISKH _dFISKH |
||
| 082 | _a639.34 | ||
| 100 | _aWaters, Jo | ||
| 245 |
_aFish / _cBy Jo Waters |
||
| 260 |
_aChicago, illinois : _bRaintree , _c2005. |
||
| 300 |
_a32 pages : _bcolor illustrations ; _c26 cm . |
||
| 490 | _aThe Wild Side of Pets | ||
| 505 | _aO | ||
| 520 | _aA shark in the ocean can certainly be wild, but what about the goldfish in your room? Find out in this title all about the wild side of fish. The book looks at why sharks live the way they do (e.g. what they eat in the wild) and uses this as the starting point for giving appropriate pet care information. The unique perspectives of these books come from emphasizing the close links between pets and wild animals. | ||
| 521 | 8 |
_a600
_bLexile estimate |
|
| 521 | 8 |
_aO
_bRaz-Plus |
|
| 650 |
_aAquarium fishes _vJuvenile Literature |
||
| 650 |
_aFishes _vJuvenile Literature |
||
| 942 |
_2ddc _cBK _n0 |
||
| 999 |
_c8419 _d8419 |
||